000 00375nam a22001577a 4500
003 OSt
008 230510b |||||||| |||| 00| 0 eng d
020 _a8122412270
041 _aeng
082 _a628.36
_bGOH/LA
100 _aGohil, M.B
_95456
245 _aLand treatment of waste water
260 _aNew delhi
_bNew age international
_c2010
300 _a134
942 _cBK
999 _c17690
_d17690